Tilastot visalle 15 maata, joissa kuoli eniten Covid-19 - 5. maa 2021

Klikkaa tästä pelataksesi tätä visaa!

Yleistilastot

  • Tätä visaa on pelattu 2 kertaa
  • Keskiarvotulos 15 / 24

Vastaustilastot

maa% Oikein
Saksa
100%
Brasilia
100%
Italia
100%
Intia
100%
Ranska
100%
Venäjä
100%
Yhdysvallat
100%
Meksiko
50%
Slovenia
50%
Peru
50%
Unkari
50%
Kolumbia
50%
Iran
50%
Etelä-Afrikka
50%
Portugali
50%
Tšekki
50%
Yhdistynyt
kuningaskunta
50%
Belgia
50%
Espanja
50%
Bosnia ja Hertsegovina
50%
Bulgaria
50%
Kroatia
50%
Argentiina
50%
Pohjois-Makedonia
0%

Tulosjakauma

Persentiili vastausten määrän mukaan

Jokaisen tuloksen saaneiden osuus

Tuloshistoriasi

Et ole pelannut tätä visaa